000 00477nam a2200181 4500
003 SEACOMEC
005 20241205125725.0
008 240726b |||||||| |||| 00| 0 eng d
020 _a9789325963474
_cRs.150.00
040 _aSEACOMEC
082 _a003.1
_bK14
100 _aKalavathy, S
245 1 _aOperations Research/
_cS Kalavathy
250 _a2nd ed.
260 _aNew Delhi
_b Vikas Publishing House
_c 2006, 2007
650 _a Operations research
942 _cBOOK
999 _c1492
_d1492